[Event "Moscow-Open 2021_B"]
[Site "Moscow"]
[Date "2021.02.28"]
[Round "9.18"]
[White "Mikheeva, Galina"]
[Black "Vasiljeva, Anna"]
[Result "0-1"]
[WhiteElo "1873"]
[BlackElo "1797"]
[PlyCount "146"]
[EventDate "2021.02.20"]

1. e4 e5 2. Nf3 Nc6 3. Bc4 Bc5 4. c3 Nf6 5. d3 d6 6. Nbd2 a6 7. Bb3 O-O 8. O-O
Ba7 9. Re1 h6 10. Nf1 Ne7 11. Ng3 c6 12. h3 Ng6 13. d4 Re8 14. dxe5 dxe5 15.
Qxd8 Rxd8 16. Be3 Bxe3 17. Rxe3 b5 18. Ree1 c5 19. Rad1 Bb7 20. Bc2 c4 21.
Rxd8+ Rxd8 22. Nf5 Kf8 23. g3 Ne8 24. Re2 Nc7 25. h4 f6 26. Rd2 Rxd2 27. Nxd2
Ne6 28. f3 Ne7 29. Kf2 Nxf5 30. exf5 Nc5 31. Ke3 Ke7 32. g4 Bd5 33. Nf1 a5 34.
a3 Na6 35. Ng3 b4 36. axb4 axb4 37. Be4 Bf7 38. cxb4 Nxb4 39. Kd2 Kd6 40. Ne2
Kc5 41. f4 exf4 42. Nxf4 Kd4 43. Bb1 Ke5 44. Ne2 Nd5 45. Bc2 Nf4 46. Ng1 Bd5
47. h5 Ng2 48. Bd1 Kf4 49. Ne2+ Kxg4 50. Nd4+ Kg5 51. Bc2 Nf4 52. Ke3 Ng2+ 53.
Kd2 Kxh5 54. Ne6 Kg4 55. Nxg7 h5 56. Bd1+ Kg5 57. Bxh5 Nf4 58. Be2 Nxe2 59.
Kxe2 Be4 60. Ke3 Bxf5 61. Kd4 Bd7 62. Kxc4 Kg6 63. b4 Kxg7 64. b5 f5 65. b6 Bc8
66. Kd4 Kf6 67. Ke3 Ke6 68. Kf4 Kd6 69. Ke3 Ke5 70. Kf3 Bb7+ 71. Kg3 f4+ 72.
Kf2 f3 73. Ke3 Kd6 0-1

[Event "Moscow-Open 2021_B"]
[Site "Moscow"]
[Date "2021.02.28"]
[Round "9.19"]
[White "Zavivaeva, Emilia"]
[Black "Khegai, Darya"]
[Result "1-0"]
[WhiteElo "1826"]
[BlackElo "1566"]
[PlyCount "141"]
[EventDate "2021.02.20"]

1. d4 Nf6 2. Nf3 g6 3. e3 Bg7 4. Bd3 d6 5. O-O O-O 6. b3 e5 7. Be2 e4 8. Nfd2
Re8 9. c4 c6 10. Nc3 Na6 11. Bb2 Nc7 12. d5 cxd5 13. Nxd5 Nfxd5 14. Bxg7 Nxe3
15. fxe3 Kxg7 16. Nb1 Qg5 17. Qxd6 Qxe3+ 18. Kh1 Ne6 19. Qe5+ Kg8 20. Qf6 Rf8
21. Nc3 Qd4 22. Nd5 Qxf6 23. Nxf6+ Kg7 24. Nxe4 Nd4 25. Bd3 Bf5 26. Rad1 Rad8
27. Nc3 Bxd3 28. Rxd3 Nf5 29. Nd5 Rfe8 30. g4 Nd6 31. Nc7 Re7 32. Nb5 Nxb5 33.
Rxd8 Nc3 34. Rd2 Ne2 35. g5 h6 36. gxh6+ Kxh6 37. Rd6 f5 38. Rxf5 Nc3 39. Rf3
Re1+ 40. Kg2 Re2+ 41. Kf1 Rc2 42. Rh3+ Kg5 43. Rg3+ Kf4 44. Rf6+ Ke4 45. Rfxg6
Rc1+ 46. Kg2 Rc2+ 47. Kh3 Ne2 48. Rg7 Nxg3 49. hxg3 Rxa2 50. Rxb7 a5 51. Rb5 a4
52. bxa4 Rxa4 53. Rc5 Kf3 54. Rc8 Ra6 55. Rf8+ Ke3 56. Rf4 Rh6+ 57. Kg4 Rg6+
58. Kh4 Rg8 59. Rf5 Ke4 60. g4 Rg6 61. c5 Rc6 62. Kh5 Re6 63. Rf1 Re5+ 64. g5
Rxc5 65. Kh6 Ke5 66. g6 Rc2 67. Kg7 Ke6 68. Kg8 Rg2 69. g7 Ke7 70. Re1+ Kf6 71.
Kf8 1-0

[Event "Moscow-Open 2021_B"]
[Site "Moscow"]
[Date "2021.02.28"]
[Round "9.20"]
[White "Yagutian, Mariya"]
[Black "Voskresenskaya, Marta"]
[Result "0-1"]
[WhiteElo "1691"]
[BlackElo "1853"]
[PlyCount "74"]
[EventDate "2021.02.20"]

1. d4 d5 2. c4 c6 3. Nc3 e6 4. e3 Nf6 5. Nf3 Nbd7 6. Bd3 dxc4 7. Bxc4 b5 8. Bd3
a6 9. a4 b4 10. Ne4 c5 11. Nxf6+ Nxf6 12. dxc5 Bxc5 13. O-O O-O 14. Qe2 Bb7 15.
e4 h6 16. Bf4 a5 17. Nd2 Bd4 18. e5 Qd5 19. Nf3 Nh5 20. Bg3 Nxg3 21. hxg3 Bb6
22. Rad1 Qc5 23. Bb1 Rfd8 24. Rc1 Qe7 25. Nh4 g6 26. Nxg6 fxg6 27. Qg4 g5 28.
Ba2 Rd4 29. Qf5 Kg7 30. Bxe6 Re8 31. Bb3 Rf8 32. Qh3 Rd2 33. Rc2 Rxc2 34. Bxc2
Qxe5 35. Qd7+ Rf7 36. Qd3 Qf6 37. Bb3 Qc6 0-1

[Event "Moscow-Open 2021_B"]
[Site "Moscow"]
[Date "2021.02.28"]
[Round "9.21"]
[White "Zaitseva, Lyudmila"]
[Black "Volchkova, Alena"]
[Result "1/2-1/2"]
[WhiteElo "1852"]
[BlackElo "1539"]
[PlyCount "103"]
[EventDate "2021.02.20"]

1. d4 Nf6 2. c4 g6 3. Nc3 d5 4. cxd5 Nxd5 5. Na4 Bg7 6. e4 Nb6 7. Be3 Nc6 8.
Nf3 Bg4 9. d5 Ne5 10. Be2 O-O 11. Nxe5 Bxe2 12. Qxe2 Bxe5 13. Nc5 Rb8 14. h4
Nd7 15. Nd3 Bg7 16. f3 c6 17. Bf4 cxd5 18. Bxb8 Qxb8 19. exd5 Qd6 20. O-O-O
Qxd5 21. Kb1 Nb6 22. Rc1 Nc4 23. Rhd1 Qb5 24. a4 Qb3 25. Nc5 Qxb2+ 26. Qxb2
Nxb2 27. Rd2 Nxa4 28. Nxa4 Bh6 29. Rd7 Bxc1 30. Kxc1 Rc8+ 31. Kb2 Rc4 32. Nc3
Rxh4 33. Nd5 Rh2 34. Ne3 h5 35. Rxb7 h4 36. Kc3 h3 37. Rb2 hxg2 38. Nxg2 Rh3
39. Ne1 Rh1 40. Re2 e6 41. Kd4 Kg7 42. Ke5 a5 43. Nd3 Rd1 44. Nf4 g5 45. Nh3
Rd5+ 46. Ke4 f5+ 47. Ke3 Re5+ 48. Kd3 Rxe2 49. Kxe2 g4 50. fxg4 fxg4 51. Nf2 g3
52. Ne4 1/2-1/2

[Event "Moscow-Open 2021_B"]
[Site "Moscow"]
[Date "2021.02.28"]
[Round "9.22"]
[White "Naumova, Alexandra"]
[Black "Akulova, Taisiya"]
[Result "0-1"]
[WhiteElo "1800"]
[BlackElo "1833"]
[PlyCount "86"]
[EventDate "2021.02.20"]

1. d4 Nf6 2. Nc3 d5 3. Bg5 Nbd7 4. f3 e6 5. a3 c5 6. e4 cxd4 7. Qxd4 Bc5 8. Qd2
dxe4 9. O-O-O Qa5 10. Bxf6 e3 11. Qd3 Nxf6 12. Nb5 O-O 13. Qc4 Qb6 14. Nc3 e5
15. Na4 e2 16. Bxe2 Be3+ 17. Kb1 Qa5 18. Qb3 Bd4 19. Qb5 Qxb5 20. Bxb5 a6 21.
Bd3 Bd7 22. Nc3 Bxc3 23. bxc3 Rfc8 24. Kb2 Rc5 25. Ne2 Rac8 26. g4 Nd5 27. Be4
Be6 28. Bxd5 Bxd5 29. Rhf1 Bc4 30. Rd3 Rb5+ 31. Ka1 Bxd3 32. cxd3 Rd5 33. Rd1
f6 34. Kb2 Kf7 35. f4 Rdc5 36. f5 g6 37. Rf1 Rg8 38. Ng3 gxf5 39. gxf5 Rg4 40.
Re1 Rf4 41. Re2 Rb5+ 42. Ka2 Rd5 43. Rd2 Rf3 0-1

[Event "Moscow-Open 2021_B"]
[Site "Moscow"]
[Date "2021.02.28"]
[Round "9.23"]
[White "Ponomareva, Varvara"]
[Black "Khachatryan, Marieta"]
[Result "1-0"]
[WhiteElo "1663"]
[BlackElo "1830"]
[PlyCount "101"]
[EventDate "2021.02.20"]

1. d4 d5 2. c4 dxc4 3. Nf3 Nf6 4. e3 e6 5. Bxc4 c5 6. O-O a6 7. dxc5 Bxc5 8.
Qxd8+ Kxd8 9. Be2 Ke7 10. Nbd2 Rd8 11. Ne5 Nbd7 12. Nd3 Bd6 13. Nc4 Bc7 14. a4
b6 15. Bf3 Rb8 16. Nb4 Bb7 17. Bxb7 Rxb7 18. Nc6+ Ke8 19. Nxd8 Kxd8 20. Rd1 Ke7
21. Bd2 Ne4 22. Bb4+ Nec5 23. a5 bxa5 24. Rxd7+ Kxd7 25. Bxc5 Rb5 26. Ba3 Rd5
27. Kf1 Rf5 28. g3 h5 29. Rd1+ Kc6 30. Nd6 Bxd6 31. Rxd6+ Kb5 32. Ke2 g5 33. f4
gxf4 34. exf4 h4 35. Kf3 hxg3 36. Kxg3 Rh5 37. h4 Rh7 38. f5 exf5 39. Rd5+ Kb6
40. Rxf5 Rg7+ 41. Rg5 Rh7 42. Kg4 a4 43. h5 a5 44. Bf8 Rh8 45. Bg7 Rh7 46. Bc3
Kc6 47. Bg7 Kd6 48. h6 Ke6 49. Rxa5 f6 50. Kh5 f5 51. Kg6 1-0

[Event "Moscow-Open 2021_B"]
[Site "Moscow"]
[Date "2021.02.28"]
[Round "9.25"]
[White "Gutkovich, Polina"]
[Black "Barkasheva, Sofia"]
[Result "1-0"]
[WhiteElo "2061"]
[BlackElo "1634"]
[PlyCount "63"]
[EventDate "2021.02.20"]

1. d4 Nf6 2. c4 g6 3. Nc3 Bg7 4. Nf3 O-O 5. Bg5 d6 6. e3 c5 7. Be2 h6 8. Bh4 g5
9. Bg3 Nh5 10. Qd3 f5 11. Nd2 Nxg3 12. hxg3 Nc6 13. d5 Nb4 14. Qb1 e6 15. a3
Na6 16. g4 Nc7 17. Qc2 a6 18. Nf1 exd5 19. cxd5 fxg4 20. Ng3 b5 21. Bd3 b4 22.
axb4 cxb4 23. Nce2 Rb8 24. Qc4 Qe7 25. Nd4 Qf7 26. Ndf5 Nxd5 27. Qxd5 Be6 28.
Qe4 Qd7 29. Nxg7 Qxg7 30. Qxe6+ Rf7 31. Rxh6 Kf8 32. Qxd6+ 1-0

[Event "Moscow-Open 2021_B"]
[Site "Moscow"]
[Date "2021.02.28"]
[Round "9.26"]
[White "Kiseleva, Arina"]
[Black "Kalenichenko, Alina"]
[Result "1-0"]
[WhiteElo "2035"]
[BlackElo "1638"]
[PlyCount "63"]
[EventDate "2021.02.20"]

1. Nf3 Nf6 2. c4 g6 3. b4 Bg7 4. Bb2 O-O 5. g3 b6 6. Bg2 Bb7 7. O-O c5 8. a3 d5
9. cxd5 cxb4 10. axb4 Nxd5 11. Bxg7 Kxg7 12. Qb3 Nc6 13. b5 Na5 14. Qb2+ Nf6
15. d3 Rc8 16. Nbd2 Kg8 17. Nb3 Nxb3 18. Qxb3 Bd5 19. Qb4 Rc7 20. Ra4 Qc8 21.
Qf4 Qb7 22. e4 Bb3 23. Ra3 Bc2 24. e5 Nh5 25. Qh6 f6 26. Ng5 Qxg2+ 27. Kxg2
fxg5 28. Qxg5 Rf5 29. Qe3 e6 30. Qd4 Rff7 31. Rc1 Rfd7 32. Qb2 1-0

[Event "Moscow-Open 2021_B"]
[Site "Moscow"]
[Date "2021.02.28"]
[Round "9.27"]
[White "Tsamalaidze, Liana"]
[Black "Kvachko, Anastasiya"]
[Result "1-0"]
[WhiteElo "1446"]
[BlackElo "1882"]
[PlyCount "111"]
[EventDate "2021.02.20"]

1. d4 e6 2. Nf3 d5 3. e3 Nf6 4. Bd3 Be7 5. O-O O-O 6. b3 Nbd7 7. Bb2 b6 8. Ne5
Bb7 9. f4 Rc8 10. g4 c5 11. g5 Ne4 12. Qg4 Nxe5 13. dxe5 g6 14. Bxe4 dxe4 15.
Rd1 Qc7 16. Na3 a6 17. Nc4 Rfd8 18. Nd6 Bxd6 19. exd6 Rxd6 20. Be5 Rxd1+ 21.
Rxd1 Qe7 22. Bf6 Qe8 23. c4 b5 24. Qe2 bxc4 25. bxc4 Qa4 26. Qd2 Bc6 27. Ba1
Rb8 28. Kf2 e5 29. Bxe5 Re8 30. Ba1 Qa3 31. Rb1 Qd3 32. Qb2 f6 33. Re1 Rf8 34.
Qb6 Bd7 35. Bxf6 Bg4 36. Qb2 Qxc4 37. Bg7 Rf7 38. Bh6 Qb4 39. Qc2 Rb7 40. Rc1
Bf3 41. Kg3 Rd7 42. Qxc5 Qxc5 43. Rxc5 Rd3 44. f5 gxf5 45. Rxf5 Rd8 46. a4 Be2
47. a5 Bc4 48. Rf6 Re8 49. Kf4 Bd3 50. h4 Bc4 51. Kf5 Bf7 52. Rxa6 Rc8 53. Kf6
Bg6 54. Rb6 Ra8 55. a6 Be8 56. a7 1-0

[Event "Moscow-Open 2021_B"]
[Site "Moscow"]
[Date "2021.02.28"]
[Round "9.28"]
[White "Laukhina, Margarita A."]
[Black "Novikova, Daria"]
[Result "1-0"]
[WhiteElo "1761"]
[BlackElo "1430"]
[PlyCount "88"]
[EventDate "2021.02.20"]

1. d4 d5 2. c4 c6 3. Nf3 Nf6 4. g3 Bf5 5. Nh4 Bg6 6. Nc3 dxc4 7. a4 e6 8. e3
Bb4 9. Nxg6 hxg6 10. Bxc4 Ne4 11. Bd2 Bxc3 12. Bxc3 Qf6 13. Qe2 Nd7 14. Bd3
Ndc5 15. Bc2 Nxc3 16. bxc3 Nd7 17. Rb1 b6 18. Be4 e5 19. Qc4 Rc8 20. a5 exd4
21. cxd4 O-O 22. O-O Rfe8 23. Bg2 Red8 24. Bh3 Rc7 25. Bxd7 Rdxd7 26. axb6 axb6
27. Rxb6 Qf3 28. Rb8+ Kh7 29. Qc5 Re7 30. Rc1 Qf5 31. Qa3 Ra7 32. Qd6 Rec7 33.
Qd8 g5 34. Qh8+ Kg6 35. h3 g4 36. h4 Ra2 37. Rf1 Qh5 38. Qd8 Rca7 39. Qd6+ f6
40. e4 c5 41. Rb5 Rd7 42. Qb8 Raa7 43. Rc1 Qh6 44. Qe8+ Rf7 1-0

[Event "Moscow-Open 2021_B"]
[Site "Moscow"]
[Date "2021.02.28"]
[Round "9.29"]
[White "Dryaeva, Lana"]
[Black "Tumashevich, Elizaveta"]
[Result "1-0"]
[WhiteElo "1404"]
[BlackElo "1732"]
[PlyCount "79"]
[EventDate "2021.02.20"]

1. Nf3 Nf6 2. b3 g6 3. Bb2 d5 4. e3 Bg7 5. Be2 O-O 6. O-O Nbd7 7. c4 dxc4 8.
bxc4 c5 9. d4 cxd4 10. exd4 Nb6 11. Nbd2 h5 12. Nb3 Qc7 13. Nfd2 Ng4 14. Bxg4
Bxg4 15. f3 Bf5 16. Qe2 Rfe8 17. Rac1 a5 18. g4 hxg4 19. fxg4 Bc8 20. Qf3 e5
21. dxe5 Bxe5 22. Bxe5 Rxe5 23. c5 Nd5 24. Nc4 Rg5 25. h3 Be6 26. Nd6 Qd7 27.
Nd4 Bxg4 28. Qg3 f6 29. h4 Rh5 30. Rce1 Rf8 31. Re4 f5 32. Re6 Qh7 33. Qe3 f4
34. Qe4 Bxe6 35. Nxe6 Rf6 36. Ng5 Qd7 37. Qxd5+ Kg7 38. Rb1 b5 39. Rxb5 Rxg5+
40. Qxg5 1-0

[Event "Moscow-Open 2021_B"]
[Site "Moscow"]
[Date "2021.02.28"]
[Round "9.30"]
[White "Shenker, Angelina"]
[Black "Efimova, Darya"]
[Result "0-1"]
[WhiteElo "1652"]
[BlackElo "1364"]
[PlyCount "80"]
[EventDate "2021.02.20"]

1. d4 d5 2. Nf3 c5 3. c4 cxd4 4. cxd5 Nf6 5. Nxd4 Qa5+ 6. Bd2 Qxd5 7. e3 e5 8.
Nc3 Qd8 9. Nb3 Be7 10. Be2 Bd7 11. O-O O-O 12. Rc1 Nc6 13. Bf3 Bf5 14. Bxc6
bxc6 15. Na4 Rc8 16. Ba5 Qe8 17. Qe2 Bd6 18. Rfd1 Qe7 19. Nac5 e4 20. f3 exf3
21. gxf3 Nd5 22. Re1 Rfe8 23. Bd2 Nf4 24. Qf1 Nh3+ 25. Kh1 Qh4 26. Re2 Re5 27.
Qe1 Qh5 28. Qf1 Bg6 29. e4 f5 30. f4 Rxe4 31. Nxe4 fxe4 32. Rc3 e3 33. Rcxe3
Nxf4 34. Rf3 Nxe2 35. Qxe2 Re8 36. Re3 Qxe2 37. Rxe2 Rxe2 38. Bc3 Be5 39. Bxe5
Rxe5 40. Kg1 Re2 0-1

[Event "Moscow-Open 2021_B"]
[Site "Moscow"]
[Date "2021.02.28"]
[Round "9.31"]
[White "Yusupova, Elina"]
[Black "Gurgenidze, Aleksandra"]
[Result "1-0"]
[WhiteElo "1575"]
[BlackElo "1399"]
[PlyCount "107"]
[EventDate "2021.02.20"]

1. c4 e5 2. Nc3 Nf6 3. g3 Bb4 4. Bg2 O-O 5. e3 Bxc3 6. bxc3 c6 7. Ne2 d5 8.
cxd5 cxd5 9. d4 e4 10. h3 Qc7 11. O-O Nbd7 12. Ba3 Re8 13. Qb3 Nb6 14. Nf4 Bd7
15. Bc5 Bc6 16. Bxb6 axb6 17. a4 Ra5 18. c4 Rea8 19. cxd5 Nxd5 20. Nxd5 Bxd5
21. Qb4 Bc6 22. Rfc1 Qd8 23. Qb1 Bxa4 24. Ra2 f5 25. Rb2 Bc6 26. Qc2 Kh8 27.
Rcb1 Ra1 28. Qc1 Rxb1 29. Qxb1 b5 30. Bf1 Ra5 31. Bxb5 Qa8 32. Bf1 Ra1 33. Qc2
Ba4 34. Qc7 Bc6 35. Qb6 h6 36. Kg2 Ra5 37. Bc4 Ra1 38. d5 Be8 39. Qxb7 Qxb7 40.
Rxb7 Bh5 41. g4 fxg4 42. hxg4 Bxg4 43. Kg3 Bf3 44. Kf4 Rg1 45. d6 Rg4+ 46. Ke5
Rg5+ 47. Kd4 Bg4 48. d7 Bxd7 49. Rxd7 h5 50. Kxe4 h4 51. Be6 Rg2 52. f4 Rg3 53.
Rd2 g5 54. f5 1-0

[Event "Moscow-Open 2021_B"]
[Site "Moscow"]
[Date "2021.02.28"]
[Round "9.32"]
[White "Lyutsinger, Iren"]
[Black "Uzintseva, Daria"]
[Result "1-0"]
[WhiteElo "1415"]
[BlackElo "1326"]
[PlyCount "115"]
[EventDate "2021.02.20"]

1. e4 e6 2. Nf3 d5 3. e5 c5 4. b4 cxb4 5. a3 Qa5 6. d4 Nc6 7. Bd3 Bd7 8. O-O
Be7 9. Bb2 Qb6 10. axb4 Nxb4 11. Be2 Nc6 12. Ba3 Bxa3 13. Nxa3 Nge7 14. Rb1 Qa5
15. Nb5 O-O 16. Nd6 Rab8 17. Nxb7 Qc7 18. Nc5 Rxb1 19. Qxb1 Rb8 20. Qd1 Bc8 21.
Qd2 Rb6 22. h4 Nb8 23. h5 h6 24. Bd3 Nd7 25. Na4 Rc6 26. Nh2 Ba6 27. Qb4 Bxd3
28. cxd3 Nc8 29. Ng4 Ncb6 30. Nxb6 Nxb6 31. Qd2 Kh7 32. f4 Qe7 33. Qf2 Qc7 34.
f5 Rc1 35. f6 Rxf1+ 36. Qxf1 Qd8 37. Qf4 Qf8 38. Qc1 Qb4 39. Qe3 Qf8 40. Kh2
Nd7 41. Qc1 gxf6 42. exf6 Nb8 43. Qc7 a6 44. Qe7 Kg8 45. Ne5 a5 46. Qa7 a4 47.
Qxa4 Qd8 48. Qa7 Qe8 49. Qe7 Qf8 50. Ng6 Qc8 51. Ne5 Qf8 52. Qb7 Qe8 53. Qe7
Qf8 54. Kg3 Na6 55. Nc6 Nb8 56. Qxf8+ Kxf8 57. Nxb8 Ke8 58. Kf4 1-0

[Event "Moscow-Open 2021_B"]
[Site "Moscow"]
[Date "2021.02.28"]
[Round "9.33"]
[White "Zagrebina, Marina"]
[Black "Khamnueva, Mariya"]
[Result "1/2-1/2"]
[WhiteElo "1382"]
[BlackElo "1426"]
[PlyCount "61"]
[EventDate "2021.02.20"]

1. d4 f5 2. g3 e6 3. Bg2 d5 4. f4 Nf6 5. Nf3 c6 6. h4 Bd6 7. O-O O-O 8. Nbd2
Nbd7 9. e3 b5 10. a4 g6 11. a5 h5 12. b4 a6 13. c3 Ng4 14. Qe2 Kg7 15. Bb2 Ndf6
16. Rfe1 Bd7 17. Rab1 Ra7 18. Ra1 Be8 19. Ra2 Re7 20. Ba1 Bf7 21. Rc2 Bg8 22.
Bb2 Qc7 23. Ba1 Kh6 24. Ra2 Kg7 25. Rc2 Kh6 26. Ra2 Kg7 27. Rc2 Kh6 28. Ra2 Kg7
29. Rc2 Kh6 30. Ra2 Kg7 31. Rc2 1/2-1/2